000 01074nji a22002777a 4500
005 2010092202082.0
006 a|||||r|||||00| 0
007 sd ammalaaahaa
008 100830t xxu||||| |||| 00| 0 eng d
028 _aEALP.4074
_bEMI
035 _aGR-03658
040 _aSED
_cSED
100 _917455
_aBurman, S. D.
245 _aSun mere bandhu re- Sujata /
_csung by S. D. Burman...[et.al]; music by S. D. Burman; lyrics by Majrooh
_h[sound recording] :
246 _aसुन मेरे बंधू रे- सुजाता /
260 _aDum Dum, India
_bEMI
_c1975
300 _a1 sound disc [Gramophone Recording]:
_banalog, 33 1/3 rpm
_c12.5 in. (LP)
_fGramophone Record
500 _aBrief Record
500 _aRecord labels : EMI, Red
505 _aSide-2 (Poochho na kaise) (Meri soorat teri aankhen) (Manna Dey)
600 _aBurman, S. D.
_920359
650 _aHindi Film Songs
_zIndia
_91186
_xExcerpts
700 _aMajrooh
_921100
942 _2ddc
_cGR
999 _c47440
_d47440